[Event "Skakligaen 2025-26"]
[Site "Denmark"]
[Date "2025.11.23"]
[Round "3.6"]
[White "Percivaldi, Martin"]
[Black "Hove, Esben Kjems"]
[Result "1/2-1/2"]
[WhiteElo "2375"]
[BlackElo "2254"]
[EventDate "2025.11.01"]
[EventType "team-tourn"]
[EventRounds "9"]
[EventCountry "DEN"]
[SourceTitle "Holdskaksystemet"]
[WhiteTeam "Hillerod"]
[BlackTeam "Nordkalotten"]
[WhiteTeamCountry "DEN"]
[BlackTeamCountry "DEN"]

1. Nf3 d5 2. g3 Nf6 3. Bg2 c6 4. O-O Bg4 5. h3 Bxf3 6. Bxf3 Nbd7 7. d3 e5 8. e4 dxe4 9. dxe4 Bc5 10. Qe2 O-O 11. a4 a5 12. Nd2 Qc7 13. Rd1 Rfe8 14. Bg2 Nf8 15. Nc4 Ne6 16. c3 Red8 17. Bd2 Nd7 18. h4 Bf8 19. Be3 Bc5 20. Bd2 Bf8 21. Be1 Ndc5 22. Qc2 Rxd1 23. Rxd1 Rd8 24. Rxd8 Nxd8 25. Bh3 b5 26. axb5 cxb5 27. Ne3 Ndb7 28. Nd5 Qc6 29. f3 Nd6 30. Bf2 Ncb7 31. Bg2 Qc8 32. Kh2 b4 33. Bf1 bxc3 34. Nxc3 Qc6 35. Qb3 Nc5 36. Qa2 Ncb7 37. Qd5 Qxd5 38. Nxd5 f6 39. Bb6 Kf7 40. Ne3 Ke8 41. Bh3 Be7 42. Nf5 Nxf5 43. Bxf5 Bc5 44. Bc8 Bxb6 1/2-1/2

[Event "Skakligaen 2025-26"]
[Site "Denmark"]
[Date "2025.11.23"]
[Round "3.7"]
[White "Jakobsen, Peter"]
[Black "Ostergaard, Jens"]
[Result "1/2-1/2"]
[WhiteElo "2174"]
[BlackElo "2277"]
[EventDate "2025.11.01"]
[EventType "team-tourn"]
[EventRounds "9"]
[EventCountry "DEN"]
[SourceTitle "Holdskaksystemet"]
[WhiteTeam "Nordkalotten"]
[BlackTeam "Hillerod"]
[WhiteTeamCountry "DEN"]
[BlackTeamCountry "DEN"]

1. Nf3 d5 2. d4 e6 3. c4 c5 4. cxd5 exd5 5. g3 Nc6 6. Bg2 Nf6 7. O-O Be7 8. dxc5 Bxc5 9. a3 a6 10. b4 Ba7 11. Bb2 O-O 12. Nc3 Re8 13. Rc1 Bg4 14. h3 Bh5 15. b5 axb5 16. Nxb5 Qb6 17. Nxa7 Qxb2 18. Nxc6 bxc6 19. Rc2 Qxa3 20. Rxc6 Qb2 1/2-1/2

[Event "Skakligaen 2025-26"]
[Site "Denmark"]
[Date "2025.11.23"]
[Round "3.8"]
[White "Jaksland, Tim"]
[Black "Nielsen, Lars Aaes"]
[Result "1/2-1/2"]
[WhiteElo "2102"]
[BlackElo "2149"]
[EventDate "2025.11.01"]
[EventType "team-tourn"]
[EventRounds "9"]
[EventCountry "DEN"]
[SourceTitle "Holdskaksystemet"]
[WhiteTeam "Hillerod"]
[BlackTeam "Nordkalotten"]
[WhiteTeamCountry "DEN"]
[BlackTeamCountry "DEN"]

1. e4 c5 2. c3 Nf6 3. e5 Nd5 4. Nf3 d6 5. exd6 Qxd6 6. d4 cxd4 7. Nxd4 a6 8. Be2 e5 9. Nc2 Nc6 10. O-O Be6 11. Nba3 Rd8 12. c4 Ndb4 13. Qxd6 Bxd6 14. Be3 Bf5 15. Rfc1 O-O 16. Nxb4 Bxb4 17. Rd1 Nd4 18. Bxd4 Rxd4 19. Rxd4 exd4 20. g4 Be4 21. Rd1 Rd8 22. f3 Bg6 23. Bd3 Rc8 24. Nc2 Bxd3 25. Nxb4 Bxc4 26. Rxd4 Kf8 27. Rd7 a5 28. Nd5 Bxa2 29. Nc3 Be6 30. Rxb7 Rd8 31. Kf2 Rd2+ 32. Kg3 Bd7 33. Ne4 Rd5 34. h4 h6 35. Nc3 Rd3 36. Rb6 a4 37. Ra6 Rd2 38. Nxa4 Bxa4 1/2-1/2

[Event "Skakligaen 2025-26"]
[Site "Denmark"]
[Date "2025.11.23"]
[Round "3.1"]
[White "Andersen, Mads"]
[Black "Ramsdal, Jens Albert"]
[Result "1/2-1/2"]
[WhiteElo "2558"]
[BlackElo "2321"]
[EventDate "2025.11.01"]
[EventType "team-tourn"]
[EventRounds "9"]
[EventCountry "DEN"]
[SourceTitle "Holdskaksystemet"]
[WhiteTeam "Skanderborg"]
[BlackTeam "SK1968"]
[WhiteTeamCountry "DEN"]
[BlackTeamCountry "DEN"]

1. e4 c5 2. Nf3 d6 3. Bb5+ Bd7 4. c4 Nf6 5. Nc3 g6 6. Bxd7+ Nbxd7 7. d4 cxd4 8. Nxd4 Qa5 9. Nb3 Qc7 10. Qe2 Rc8 11. Nd2 a6 12. b3 Bg7 13. Bb2 O-O 14. O-O e6 15. Rac1 Qc5 16. Rfd1 Rfd8 17. Nf3 Ne8 18. Qd2 Qh5 19. Rc2 Ne5 20. Nd4 Nc6 21. Nxc6 Rxc6 22. Qe2 Qxe2 23. Nxe2 Bxb2 24. Rxb2 Rdc8 25. a4 Rc5 26. f3 Kf8 27. Kf2 Ke7 28. Ke3 b5 29. cxb5 axb5 30. b4 Rg5 31. g4 bxa4 32. Nd4 d5 33. h4 Re5 34. b5 Nd6 35. Kf4 dxe4 36. Nc6+ Rxc6 37. bxc6 Rc5 38. fxe4 e5+ 39. Kg5 Rxc6 40. Rb4 Ra6 41. Kh6 a3 42. Kxh7 a2 43. Ra1 Ne8 44. Rb2 Nf6+ 45. Kg7 Ne8+ 46. Kh8 g5 47. hxg5 Rg6 48. Raxa2 Rxg5 49. Ra7+ Kf8 50. Rf2 Nd6 51. Ra8+ Ne8 52. Rg2 Ke7 53. Ra7+ Kf8 54. Ra8 Ke7 55. Rf2 Kf8 56. Kh7 Rxg4 57. Kh6 Rxe4 58. Kg5 Rc4 59. Kf5 Rc5 60. Rb2 Rc6 61. Kxe5 Re6+ 62. Kf5 Rf6+ 63. Kg5 Rg6+ 64. Kh5 Re6 65. Rbb8 Re5+ 66. Kg4 f6 67. Rb7 Re7 68. Raa7 Rxb7 69. Rxb7 Ng7 70. Kf4 Kg8 1/2-1/2

[Event "Skakligaen 2025-26"]
[Site "Denmark"]
[Date "2025.11.23"]
[Round "3.2"]
[White "Matthiesen, Martin"]
[Black "Olsen, Filip Boe"]
[Result "0-1"]
[WhiteElo "2308"]
[BlackElo "2456"]
[EventDate "2025.11.01"]
[EventType "team-tourn"]
[EventRounds "9"]
[EventCountry "DEN"]
[SourceTitle "Holdskaksystemet"]
[WhiteTeam "SK1968"]
[BlackTeam "Skanderborg"]
[WhiteTeamCountry "DEN"]
[BlackTeamCountry "DEN"]

1. e4 c5 2. Nf3 d6 3. d4 cxd4 4. Nxd4 Nf6 5. Nc3 a6 6. Bg5 e6 7. f4 Nbd7 8. Qf3 h6 9. Bh4 e5 10. Nf5 exf4 11. Bxf6 Nxf6 12. O-O-O Bxf5 13. exf5 Be7 14. Qxf4 O-O 15. Kb1 b5 16. Be2 Rc8 17. Rhe1 d5 18. Bd3 Bd6 19. Qd4 Bxh2 20. g3 Bxg3 21. Rg1 Qd6 22. Nxd5 Nxd5 23. Qg4 Ne3 24. Qf3 Nxd1 25. Rxg3 Qe5 26. c3 Nxc3+ 0-1

[Event "Skakligaen 2025-26"]
[Site "Denmark"]
[Date "2025.11.23"]
[Round "3.3"]
[White "Pedersen, Nicolai Vesterbaek"]
[Black "Thogersen, Rasmus"]
[Result "1-0"]
[WhiteElo "2341"]
[BlackElo "2271"]
[EventDate "2025.11.01"]
[EventType "team-tourn"]
[EventRounds "9"]
[EventCountry "DEN"]
[SourceTitle "Holdskaksystemet"]
[WhiteTeam "Skanderborg"]
[BlackTeam "SK1968"]
[WhiteTeamCountry "DEN"]
[BlackTeamCountry "DEN"]

1. Nf3 c5 2. c4 Nf6 3. Nc3 d5 4. cxd5 Nxd5 5. g3 g6 6. d3 Bg7 7. Bd2 O-O 8. Bg2 Nc6 9. h4 h6 10. Qc1 Nxc3 11. bxc3 h5 12. Bh6 Qd6 13. Bxg7 Kxg7 14. Qe3 Bd7 15. Ng5 b6 16. O-O e5 17. a4 Rad8 18. f4 exf4 19. gxf4 Rfe8 20. Qf3 Ne7 21. f5 Nxf5 22. e4 Nh6 23. Nxf7 Nxf7 24. Qxf7+ Kh6 25. Qf3 Bg4 26. Qe3+ Kg7 27. Qg5 Qe5 28. Qd2 Rd6 29. a5 b5 30. a6 Red8 31. Qf2 Be6 32. Rab1 Rxd3 33. Rxb5 Rd2 34. Rxc5 Rxf2 35. Rxe5 Rxf1+ 36. Bxf1 Kf6 37. Rc5 Rd2 38. e5+ Ke7 39. Rc7+ Rd7 40. Rxd7+ Kxd7 41. Kf2 Kc6 42. Ke3 Kd5 43. Kf4 Bf5 44. Bg2+ Ke6 45. Be4 Bg4 46. Bxg6 Be2 47. Bf5+ Kd5 48. Bc8 Bf1 49. e6 Kd6 50. Kg5 Ke7 51. Kxh5 Kd8 52. Bb7 Ke7 53. Kg6 Kxe6 54. h5 Bd3+ 55. Kg7 Kd6 56. h6 Kc5 57. Bf3 1-0

[Event "Skakligaen 2025-26"]
[Site "Denmark"]
[Date "2025.11.23"]
[Round "3.5"]
[White "Medhus, Vitus Bondo"]
[Black "Lauridsen, Jesper Morch"]
[Result "1-0"]
[WhiteElo "2354"]
[BlackElo "2241"]
[EventDate "2025.11.01"]
[EventType "team-tourn"]
[EventRounds "9"]
[EventCountry "DEN"]
[SourceTitle "Holdskaksystemet"]
[WhiteTeam "Skanderborg"]
[BlackTeam "SK1968"]
[WhiteTeamCountry "DEN"]
[BlackTeamCountry "DEN"]

1. e4 e6 2. d4 d5 3. Nc3 dxe4 4. Nxe4 Nd7 5. Bd3 c5 6. Be3 Qa5+ 7. c3 cxd4 8. Bxd4 e5 9. Be3 Ngf6 10. Ne2 Nxe4 11. Bxe4 Nf6 12. Bc2 Bg4 13. O-O Rd8 14. Qe1 Be7 15. Ng3 O-O 16. Bg5 Be6 17. Nh5 Rfe8 18. Bxf6 Bxf6 19. Qe4 Kf8 20. Qxh7 Ke7 21. Nxf6 gxf6 22. Bb3 Rd2 23. Bxe6 Kxe6 24. f4 Qd5 25. Qh3+ Ke7 26. fxe5 fxe5 27. Qg3 f6 28. Rf2 Rxf2 29. Qxf2 b6 30. a4 Qc5 31. Rd1 Qxf2+ 32. Kxf2 Rh8 33. Rh1 Kd6 34. Ke3 Kc5 35. b3 f5 36. h4 Rg8 37. Kf3 Rd8 38. h5 Rd3+ 39. Ke2 Rg3 40. Kf2 Rg8 41. h6 Kd5 42. h7 Rh8 43. Ke3 Ke6 44. c4 Kf6 45. b4 a5 46. bxa5 bxa5 47. c5 Ke6 48. c6 Kd6 49. Rh6+ Ke7 50. Kd3 Kf7 51. c7 Kg7 52. Rd6 e4+ 53. Ke2 1-0

[Event "Skakligaen 2025-26"]
[Site "Denmark"]
[Date "2025.11.23"]
[Round "3.6"]
[White "Hansen, Lars"]
[Black "Boe, Mads"]
[Result "1/2-1/2"]
[WhiteElo "2221"]
[BlackElo "2264"]
[EventDate "2025.11.01"]
[EventType "team-tourn"]
[EventRounds "9"]
[EventCountry "DEN"]
[SourceTitle "Holdskaksystemet"]
[WhiteTeam "SK1968"]
[BlackTeam "Skanderborg"]
[WhiteTeamCountry "DEN"]
[BlackTeamCountry "DEN"]

1. Nf3 d5 2. e3 Nf6 3. b3 c6 4. Bb2 Bg4 5. d3 e6 6. Nbd2 Nbd7 7. h3 Bh5 8. g4 Bg6 9. h4 h5 10. g5 Ng8 11. Bh3 Rh7 12. Qe2 Bd6 13. O-O-O Qa5 1/2-1/2

[Event "Skakligaen 2025-26"]
[Site "Denmark"]
[Date "2025.11.23"]
[Round "3.7"]
[White "Berg, Klaus"]
[Black "Alkaersig, Ole"]
[Result "1-0"]
[WhiteElo "2264"]
[BlackElo "2176"]
[EventDate "2025.11.01"]
[EventType "team-tourn"]
[EventRounds "9"]
[EventCountry "DEN"]
[SourceTitle "Holdskaksystemet"]
[WhiteTeam "Skanderborg"]
[BlackTeam "SK1968"]
[WhiteTeamCountry "DEN"]
[BlackTeamCountry "DEN"]

1. d4 d5 2. c4 e6 3. Nc3 c5 4. e3 Nc6 5. Nf3 Nf6 6. cxd5 exd5 7. Bb5 cxd4 8. Nxd4 Bd7 9. O-O Bd6 10. Be2 O-O 11. Nf3 Bf5 12. b3 Qd7 13. Bb2 Rad8 14. Nb5 Bb8 15. Bxf6 gxf6 16. Nbd4 Bg6 17. Rc1 Rc8 18. g3 Be5 19. Qd2 Rfe8 20. Rfd1 Be4 21. Bf1 Qg4 22. Bg2 Bxd4 23. Nxd4 Bxg2 24. Kxg2 Nxd4 25. Qxd4 Qxd4 26. exd4 b6 27. Re1 Kf8 28. Rxe8+ Rxe8 29. Rc7 Re4 30. Rxa7 Rxd4 31. Rb7 Rb4 32. Kf3 Ke8 33. h4 h5 34. Rb8+ Ke7 35. Rh8 Ke6 36. Rxh5 f5 37. Rh8 Kf6 38. Rb8 Kg6 39. Rd8 d4 40. Rd6+ f6 41. Ke2 1-0

[Event "Skakligaen 2025-26"]
[Site "Denmark"]
[Date "2025.11.23"]
[Round "3.8"]
[White "Pedersen, Gunnar"]
[Black "Zander, Emil"]
[Result "1/2-1/2"]
[WhiteElo "2173"]
[BlackElo "2193"]
[EventDate "2025.11.01"]
[EventType "team-tourn"]
[EventRounds "9"]
[EventCountry "DEN"]
[SourceTitle "Holdskaksystemet"]
[WhiteTeam "SK1968"]
[BlackTeam "Skanderborg"]
[WhiteTeamCountry "DEN"]
[BlackTeamCountry "DEN"]

1. e4 c5 2. Nc3 d6 3. f4 g6 4. Nf3 Bg7 5. Bb5+ Bd7 6. Bc4 Nc6 7. d3 Nd4 8. O-O e6 9. Nxd4 cxd4 10. Ne2 Ne7 11. f5 gxf5 12. Ng3 Be5 13. exf5 Nxf5 14. Nxf5 exf5 15. Bf4 Qf6 16. Qf3 Bc6 17. Bxe5 dxe5 18. Qxf5 Qxf5 19. Rxf5 f6 20. Rxf6 Kd7 21. Re1 Rae8 22. b4 a6 23. Rf7+ Kd8 24. Rf5 e4 25. Rf4 b5 26. Bb3 exd3 27. Rxd4+ Kc7 28. Rxe8 Rxe8 29. cxd3 Re2 30. Rg4 h5 31. Rg5 Rd2 32. h4 Rxd3 33. Rxh5 Rd4 34. Rh7+ Kb6 35. Rh6 Kc7 36. h5 Rxb4 37. Re6 Rh4 38. h6 Be4 39. Rxa6 Rg4 40. Ra7+ Kd6 41. Kf2 Rxg2+ 42. Ke3 Bb1 43. Kf4 Rh2 44. Kg5 Kc5 45. Bf7 Kb6 46. Re7 Kc5 47. a3 Rh3 48. Ra7 Kb6 49. Ra8 Rg3+ 50. Kf6 Rf3+ 51. Kg7 1/2-1/2

[Event "Skakligaen 2025-26"]
[Site "Denmark"]
[Date "2025.12.14"]
[Round "4.1"]
[White "Hansen, Sune Berg"]
[Black "Smith, Axel"]
[Result "1/2-1/2"]
[WhiteElo "2507"]
[BlackElo "2436"]
[EventDate "2025.11.01"]
[EventType "team-tourn"]
[EventRounds "9"]
[EventCountry "DEN"]
[SourceTitle "Holdskaksystemet"]
[WhiteTeam "Hillerod"]
[BlackTeam "Koge"]
[WhiteTeamCountry "DEN"]
[BlackTeamCountry "DEN"]

1. Nf3 d5 2. g3 c5 3. Bg2 Nc6 4. O-O e5 5. d3 Be7 6. c4 Nf6 7. cxd5 Nxd5 8. Nc3 Be6 9. Nxd5 Bxd5 10. Be3 O-O 11. Qa4 Re8 12. Rfe1 Rb8 13. Rac1 b5 14. Qd1 Qb6 15. a3 a5 16. a4 Bf8 17. Nd2 Bxg2 18. Kxg2 Nd4 19. b3 h6 20. axb5 Qxb5 21. Rc3 Ra8 22. Kg1 Reb8 23. Kf1 Qe8 24. Rc4 Rb5 25. f3 Qb8 26. Rc3 Qb6 27. Bf2 Qe6 28. Kg2 Qb6 29. Nc4 Qb8 30. Nd2 Qb6 31. Nc4 Qb8 32. Nd2 Rb4 33. e3 Ne6 34. Nc4 g6 35. Nd2 Bg7 36. Rc4 Rxc4 37. Nxc4 Qb5 38. Rf1 Rd8 39. Qc2 Rb8 40. Nd2 Rd8 41. Nc4 Rb8 42. Rd1 Nd8 43. Be1 Nc6 44. Kf2 Qxb3 45. Qxb3 Rxb3 46. Nxa5 Nxa5 47. Bxa5 Rb2+ 48. Rd2 Rxd2+ 49. Bxd2 Kf8 50. e4 Ke7 51. Be3 Kd6 52. Ke2 f5 53. Kd2 fxe4 54. fxe4 Kc6 55. Kc3 Kb5 56. Kb3 Bf8 57. g4 g5 58. Bf2 Be7 59. Bg3 Bf6 60. h3 Bg7 61. h4 Bf6 62. hxg5 1/2-1/2

[Event "Skakligaen 2025-26"]
[Site "Denmark"]
[Date "2025.12.14"]
[Round "4.2"]
[White "Pedersen, Henrik Dahl"]
[Black "Schandorff, Lars"]
[Result "1/2-1/2"]
[WhiteElo "2285"]
[BlackElo "2457"]
[EventDate "2025.11.01"]
[EventType "team-tourn"]
[EventRounds "9"]
[EventCountry "DEN"]
[SourceTitle "Holdskaksystemet"]
[WhiteTeam "Koge"]
[BlackTeam "Hillerod"]
[WhiteTeamCountry "DEN"]
[BlackTeamCountry "DEN"]

1. Nf3 d5 2. g3 Bg4 3. Bg2 e6 4. c4 c6 5. O-O Nf6 6. d4 Be7 7. Nc3 O-O 8. Bg5 h6 9. Bxf6 Bxf6 10. cxd5 cxd5 11. e3 Nc6 12. Rc1 Qa5 13. Qb3 Qb4 14. Qxb4 Nxb4 15. Rfd1 Rac8 16. h3 Bf5 17. Ne1 Rfd8 18. Bf1 Be7 1/2-1/2

[Event "Skakligaen 2025-26"]
[Site "Denmark"]
[Date "2025.12.14"]
[Round "4.3"]
[White "Storme, Isak"]
[Black "Jorgensen, Brian"]
[Result "0-1"]
[WhiteElo "2428"]
[BlackElo "2239"]
[EventDate "2025.11.01"]
[EventType "team-tourn"]
[EventRounds "9"]
[EventCountry "DEN"]
[SourceTitle "Holdskaksystemet"]
[WhiteTeam "Hillerod"]
[BlackTeam "Koge"]
[WhiteTeamCountry "DEN"]
[BlackTeamCountry "DEN"]

1. d4 d5 2. c4 e6 3. Nf3 Nf6 4. g3 Be7 5. Bg2 O-O 6. O-O c5 7. dxc5 Bxc5 8. Qc2 Nc6 9. cxd5 Qxd5 10. Nc3 Qh5 11. Bg5 Nd4 12. Qd2 Ng4 13. h3 Nxf3+ 14. exf3 Ne5 15. Ne4 Bb6 16. Bf6 Nc6 17. f4 Qg6 18. Bh4 e5 19. fxe5 Nxe5 20. Qd6 f6 21. Qd5+ Kh8 22. Nd6 Bd7 23. Qxb7 Rad8 24. Kh1 Bxh3 25. Bxh3 Rxd6 26. Rad1 Nd3 27. Kh2 Rfd8 28. Qe7 Qh5 29. Rd2 Rd4 30. Bxf6 gxf6 31. Qxf6+ Kg8 32. Kg2 Qd5+ 33. Kh2 Rd6 34. Qe7 Re4 35. Rxd3 Rxe7 36. Rxd5 Rxd5 0-1

[Event "Skakligaen 2025-26"]
[Site "Denmark"]
[Date "2025.12.14"]
[Round "4.4"]
[White "Henriksen, Kasper"]
[Black "Borge, Nikolaj"]
[Result "0-1"]
[WhiteElo "2114"]
[BlackElo "2382"]
[EventDate "2025.11.01"]
[EventType "team-tourn"]
[EventRounds "9"]
[EventCountry "DEN"]
[SourceTitle "Holdskaksystemet"]
[WhiteTeam "Koge"]
[BlackTeam "Hillerod"]
[WhiteTeamCountry "DEN"]
[BlackTeamCountry "DEN"]

1. d4 Nf6 2. c4 e6 3. Nc3 Bb4 4. e3 O-O 5. Ne2 c6 6. a3 Ba5 7. b4 Bc7 8. d5 cxd5 9. cxd5 exd5 10. Bb2 Nc6 11. Nxd5 Nxd5 12. Qxd5 a5 13. b5 Ne7 14. Qd4 Nf5 15. Qg4 d5 16. Ng3 g6 17. Nxf5 Bxf5 18. Qd4 f6 19. Rd1 a4 20. Bc4 Kg7 21. Qxd5 Ba5+ 22. Ke2 Qc7 23. b6 Bxb6 24. Rc1 Ra5 25. Ba2 Bg4+ 26. f3 Qe7 27. Qd2 Rd8 28. Qc3 Re5 29. Qxe5 fxe5 30. fxg4 Qg5 0-1

[Event "Skakligaen 2025-26"]
[Site "Denmark"]
[Date "2025.12.14"]
[Round "4.5"]
[White "Percivaldi, Martin"]
[Black "Ravikumar, Hanesh"]
[Result "1-0"]
[WhiteElo "2368"]
[BlackElo "1907"]
[EventDate "2025.11.01"]
[EventType "team-tourn"]
[EventRounds "9"]
[EventCountry "DEN"]
[SourceTitle "Holdskaksystemet"]
[WhiteTeam "Hillerod"]
[BlackTeam "Koge"]
[WhiteTeamCountry "DEN"]
[BlackTeamCountry "DEN"]

1. d4 d5 2. c4 e6 3. Nf3 Nf6 4. g3 Be7 5. Bg2 O-O 6. O-O dxc4 7. Qc2 a6 8. a4 Bd7 9. Rd1 Bc6 10. Nc3 Nd5 11. e4 Nb4 12. Qe2 Nd3 13. Be3 Bb4 14. Ne1 Bxc3 15. bxc3 Qd7 16. Nxd3 cxd3 17. Qa2 b5 18. Rxd3 Bb7 19. Rdd1 Nc6 20. a5 Ne7 21. c4 Rfd8 22. Qe2 bxc4 23. Qxc4 Nc8 24. Bf4 Nd6 25. Bxd6 cxd6 26. Rab1 Rac8 27. Qd3 Rb8 28. d5 e5 29. Rb6 Qc7 30. Rdb1 Ba8 31. Qxa6 Rxb6 32. Qxb6 Qe7 33. a6 h5 34. Rc1 h4 35. Bh3 Qg5 36. Qxd8+ Qxd8 37. Rc8 Qf8 38. Rxf8+ Kxf8 39. Bc8 f5 40. Bb7 hxg3 41. hxg3 fxe4 42. Bxa8 Ke7 43. Bc6 Kf6 44. a7 g5 45. g4 1-0

[Event "Skakligaen 2025-26"]
[Site "Denmark"]
[Date "2025.12.14"]
[Round "4.6"]
[White "Pondal, Jesper"]
[Black "Ostergaard, Jens"]
[Result "1/2-1/2"]
[WhiteElo "1987"]
[BlackElo "2278"]
[EventDate "2025.11.01"]
[EventType "team-tourn"]
[EventRounds "9"]
[EventCountry "DEN"]
[SourceTitle "Holdskaksystemet"]
[WhiteTeam "Koge"]
[BlackTeam "Hillerod"]
[WhiteTeamCountry "DEN"]
[BlackTeamCountry "DEN"]

1. d4 Nf6 2. Bg5 e6 3. Nf3 d5 4. e3 c5 5. c3 Nc6 6. Bd3 Be7 7. Nbd2 O-O 8. O-O b6 9. Re1 Bb7 10. Qe2 Nd7 11. Bf4 Bf6 12. Rad1 g6 13. Ba6 Qc8 14. Bxb7 Qxb7 15. h3 Bg7 16. Nf1 Rac8 17. Bh2 Rfe8 18. Bf4 b5 19. Bd6 Na5 20. dxc5 Nc4 21. Ng3 f5 22. Nd4 Nxc5 23. Bxc5 Rxc5 24. Nb3 Rc7 25. Rb1 Rec8 26. f3 a5 27. e4 dxe4 28. fxe4 Qb6+ 29. Kh1 f4 30. Nf1 a4 31. Nbd2 a3 32. Nxc4 Rxc4 33. bxa3 Rxc3 34. Rxb5 Qa7 35. Qd2 Rxa3 36. Qxf4 Rf8 37. Qg4 Qa6 38. Rbb1 Rxa2 39. Rbd1 Raf2 1/2-1/2

[Event "Skakligaen 2025-26"]
[Site "Denmark"]
[Date "2025.12.14"]
[Round "4.7"]
[White "Jaksland, Tim"]
[Black "Andersen, Bjarne Hjorth"]
[Result "1-0"]
[WhiteElo "2125"]
[BlackElo "1878"]
[EventDate "2025.11.01"]
[EventType "team-tourn"]
[EventRounds "9"]
[EventCountry "DEN"]
[SourceTitle "Holdskaksystemet"]
[WhiteTeam "Hillerod"]
[BlackTeam "Koge"]
[WhiteTeamCountry "DEN"]
[BlackTeamCountry "DEN"]

1. e4 c6 2. d4 d5 3. exd5 cxd5 4. Bd3 Nc6 5. c3 Nf6 6. Bf4 Bg4 7. Qb3 Qc8 8. Nd2 e6 9. Ngf3 Nh5 10. Be3 Bxf3 11. Nxf3 Bd6 12. g3 Qc7 13. Qd1 Nf6 14. Qe2 h6 15. Bd2 O-O 16. O-O a6 17. Rae1 Nd7 18. Nh4 Be7 19. Bf4 Qd8 20. Nf3 Bf6 21. Bb1 Re8 22. Qd3 Nf8 23. Bc1 b5 24. Ne5 Bxe5 25. dxe5 f5 26. exf6 Qxf6 27. f4 Rad8 28. Be3 d4 29. cxd4 Nxd4 30. Bxd4 Qxd4+ 31. Qxd4 Rxd4 32. Re2 Red8 33. Kf2 Kf7 34. Rc1 Kf6 35. Ke3 Rd1 36. Rxd1 Rxd1 37. Bc2 Rd6 38. Bb3 Nd7 39. Rc2 e5 40. Rf2 Nc5 41. fxe5+ Kxe5 42. Bc2 Ke6 43. b4 Nd7 44. Bb3+ Ke5 45. Rf7 g5 46. g4 Nb6 47. Rf5# 1-0

[Event "Skakligaen 2025-26"]
[Site "Denmark"]
[Date "2025.12.14"]
[Round "4.8"]
[White "Stuhr, Finn"]
[Black "Pedersen, Jan Nordenbaek"]
[Result "0-1"]
[WhiteElo "1728"]
[BlackElo "2171"]
[EventDate "2025.11.01"]
[EventType "team-tourn"]
[EventRounds "9"]
[EventCountry "DEN"]
[SourceTitle "Holdskaksystemet"]
[WhiteTeam "Koge"]
[BlackTeam "Hillerod"]
[WhiteTeamCountry "DEN"]
[BlackTeamCountry "DEN"]

1. e4 e5 2. Nf3 Nc6 3. Bb5 a6 4. Ba4 Nf6 5. O-O Be7 6. Re1 b5 7. Bb3 O-O 8. c3 d5 9. exd5 Nxd5 10. Nxe5 Nxe5 11. Rxe5 c6 12. d4 Bd6 13. Re1 Qh4 14. g3 Qh3 15. Qd3 Bg4 16. Nd2 Rae8 17. Qf1 Rxe1 18. Qxe1 Nf4 19. Qe4 Ne2+ 20. Kh1 Bxg3 21. Qg2 Bf4 22. Bd1 Qxg2+ 23. Kxg2 Nxc1 24. Bxg4 Bxd2 25. Bd7 Rd8 26. Bxc6 Rd6 27. Bf3 Bf4 28. h3 Kf8 29. Be4 Ke7 30. Kf1 Rh6 31. Bg2 Re6 32. Bd5 Rf6 33. Ke1 Nd3+ 34. Kd1 Nxb2+ 35. Kc2 Na4 36. Re1+ Kd7 37. Kb3 Nb6 38. Bb7 Nc4 39. Re2 Na5+ 0-1

[Event "Skakligaen 2025-26"]
[Site "Denmark"]
[Date "2025.12.14"]
[Round "4.1"]
[White "Ahlander, Bjorn"]
[Black "Hansen, Curt"]
[Result "1/2-1/2"]
[WhiteElo "2380"]
[BlackElo "2593"]
[EventDate "2025.11.01"]
[EventType "team-tourn"]
[EventRounds "9"]
[EventCountry "DEN"]
[SourceTitle "Holdskaksystemet"]
[WhiteTeam "Bronshoj"]
[BlackTeam "Frem"]
[WhiteTeamCountry "DEN"]
[BlackTeamCountry "DEN"]

1. e4 e6 2. d4 d5 3. Nd2 c5 4. exd5 Qxd5 5. Ngf3 cxd4 6. Bc4 Qh5 7. O-O Nf6 8. Nxd4 Qxd1 9. Rxd1 a6 10. Be2 Nbd7 11. Nc4 Be7 12. a4 O-O 13. Bf3 g6 14. Bf4 Nd5 15. Bd6 Bxd6 16. Nxd6 Nc5 17. Nc4 Bd7 18. Bxd5 exd5 19. Nb6 Rad8 20. f3 Bc6 21. Kf2 Rfe8 22. a5 Kf8 23. Ra3 Rd6 24. h4 h5 25. Rc3 Ne6 26. Re3 Rdd8 27. Rc3 Nxd4 28. Rxd4 Re5 29. Re3 Rxe3 30. Kxe3 Ke7 31. b4 f6 32. c4 dxc4 33. Rxd8 Kxd8 34. Nxc4 Ke7 35. Kd4 Ke6 36. Nd2 g5 37. g3 Kf5 38. Ke3 Bd5 39. Nb1 Bc6 40. Nd2 Bd5 41. Nb1 Bc6 1/2-1/2

[Event "Skakligaen 2025-26"]
[Site "Denmark"]
[Date "2025.12.14"]
[Round "4.2"]
[White "Rasmussen, Allan Stig"]
[Black "Falkesgaard, Jeppe Hald"]
[Result "1-0"]
[WhiteElo "2489"]
[BlackElo "2240"]
[EventDate "2025.11.01"]
[EventType "team-tourn"]
[EventRounds "9"]
[EventCountry "DEN"]
[SourceTitle "Holdskaksystemet"]
[WhiteTeam "Frem"]
[BlackTeam "Bronshoj"]
[WhiteTeamCountry "DEN"]
[BlackTeamCountry "DEN"]

1. c4 e6 2. Nf3 d5 3. e3 Nf6 4. Nc3 Nbd7 5. d4 c6 6. Be2 dxc4 7. a4 Bd6 8. Bxc4 O-O 9. O-O e5 10. Ba2 Qe7 11. h3 b6 12. e4 Ba6 13. Re1 Rad8 14. Bg5 h6 15. Nh4 exd4 16. Ng6 dxc3 17. Nxe7+ Bxe7 18. Bxf6 Bxf6 19. bxc3 Nc5 20. Qf3 Nd3 21. e5 Nxe5 22. Qh5 Nd3 23. Re4 Bxc3 24. Rd1 Kh7 25. Bxf7 Bd4 26. Re6 Bxf2+ 27. Kh2 Rxf7 28. Rxh6+ gxh6 29. Qxf7+ Kh8 30. Qf6+ 1-0

[Event "Skakligaen 2025-26"]
[Site "Denmark"]
[Date "2025.12.14"]
[Round "4.3"]
[White "Aabling Thomsen, Jakob"]
[Black "Le Besq, Alexander"]
[Result "0-1"]
[WhiteElo "2340"]
[BlackElo "2270"]
[EventDate "2025.11.01"]
[EventType "team-tourn"]
[EventRounds "9"]
[EventCountry "DEN"]
[SourceTitle "Holdskaksystemet"]
[WhiteTeam "Bronshoj"]
[BlackTeam "Frem"]
[WhiteTeamCountry "DEN"]
[BlackTeamCountry "DEN"]

1. c4 Nf6 2. g3 g6 3. Bg2 Bg7 4. Nc3 O-O 5. e3 d6 6. Nge2 e5 7. d3 Nc6 8. Rb1 Be6 9. Nd5 Qd7 10. h3 Nd8 11. d4 Ne8 12. b3 f5 13. Ba3 Rf7 14. h4 c6 15. Ndc3 f4 16. gxf4 exf4 17. Nxf4 Rxf4 18. exf4 Bf5 19. Ra1 Ne6 20. Ne2 Nf6 21. Bc1 Re8 22. Kf1 Nh5 23. Be3 Bg4 24. f3 Bf5 25. Qd2 Qe7 26. Rd1 d5 27. Re1 Bh6 28. Kf2 Qf6 29. Bf1 Rd8 30. Qa5 Nhxf4 31. Nxf4 Nxf4 32. cxd5 cxd5 33. Qxa7 Rf8 34. Bxf4 Bxf4 35. Qc5 Be6 36. Bg2 Rc8 37. Qa7 Bf5 38. Re2 b6 39. Qa4 b5 40. Qb4 Bd3 41. Bf1 Bxe2 42. Bxe2 Rc2 43. Qxb5 Qxd4+ 44. Kg2 Qe5 45. Re1 Bg3 46. Qd3 Rc3 47. Qd1 Bxh4 48. f4 Qe4+ 49. Bf3 Qxe1 50. Qxd5+ Kg7 51. Qe5+ Qxe5 52. fxe5 Be7 53. Bd5 Rc2+ 0-1

[Event "Skakligaen 2025-26"]
[Site "Denmark"]
[Date "2025.12.14"]
[Round "4.4"]
[White "Dyrgaard, Kristoffer"]
[Black "Bromann, Thorbjorn"]
[Result "0-1"]
[WhiteElo "2276"]
[BlackElo "2358"]
[EventDate "2025.11.01"]
[EventType "team-tourn"]
[EventRounds "9"]
[EventCountry "DEN"]
[SourceTitle "Holdskaksystemet"]
[WhiteTeam "Frem"]
[BlackTeam "Bronshoj"]
[WhiteTeamCountry "DEN"]
[BlackTeamCountry "DEN"]

1. e4 e6 2. d4 d5 3. Nd2 dxe4 4. Nxe4 Nd7 5. Nf3 Ngf6 6. Nxf6+ Nxf6 7. Ne5 a6 8. Bd3 c5 9. dxc5 Qd5 10. Qe2 Qxg2 11. Rf1 Bxc5 12. Bf4 Qd5 13. Rg1 Qd4 14. Bd2 Qxb2 15. Rd1 Nd7 16. Nc4 Qd4 17. Rg4 Qd5 18. Bc3 Qh1+ 19. Kd2 Qxh2 20. Bxg7 Rg8 21. Kc3 Qh5 22. Rdg1 b5 23. Qe4 Qd5 24. Qxh7 Rxg7 25. Qxg7 Bf8 26. Qd4 bxc4 27. Bxc4 Qa5+ 28. Kd3 Ne5+ 0-1